[Event "Montreal op"]
[Site "Montreal"]
[Date "2016.09.10"]
[Round "2"]
[White "Milicevic, Goran"]
[Black "Durette, Francis"]
[Result "1/2-1/2"]
[WhiteElo "2279"]
[BlackElo "1980"]
[PlyCount "84"]
[EventDate "2016.09.09"]
[EventType "swiss"]
[EventRounds "5"]
[EventCountry "CAN"]
[SourceTitle "CBM 174 Extra"]
[Source "ChessBase"]
[SourceDate "2016.10.10"]
[SourceVersion "1"]
[SourceVersionDate "2016.10.10"]
[SourceQuality "1"]

1. d4 Nf6 2. Nf3 g6 3. Nc3 Bg7 4. e4 d6 5. h3 0-0 6. Bc4 Nxe4 7. Nxe4 d5 8. Bd3 dxe4 9. Bxe4 c5 10. dxc5 Qxd1+ 11. Kxd1 Na6 12. c6 bxc6 13. Bxc6 Rb8 14. c3 Bf5 15. Ke2 Rfc8 16. Bd5 e6 17. g4 Bxg4 18. hxg4 exd5 19. Rd1 Nc7 20. Nd4 Ne6 21. Nb3 Rc4 22. f3 d4 23. cxd4 Nxd4+ 24. Nxd4 Bxd4 25. Rb1 Ra4 26. a3 Bg7 27. b4 h6 28. Rb3 Ra6 29. Rd7 Rc8 30. Be3 Rc2+ 31. Kd3 Rb2 32. Rxb2 Rxa3+ 33. Kc2 Bxb2 34. Bxa7 Be5 35. b5 Rxf3 36. Rd5 Bc7 37. b6 Bxb6 38. Bxb6 Rf4 39. Bd4 f6 40. Rd7 Rxg4 41. Bxf6 h5 42. Kd2 Rf4 1/2-1/2

[Event "Montreal-ch op"]
[Site "Montreal"]
[Date "2015.09.13"]
[Round "4"]
[White "Duong, Thanh Nha"]
[Black "Milicevic, Goran"]
[Result "1-0"]
[WhiteElo "2241"]
[BlackElo "2287"]
[PlyCount "101"]
[EventDate "2015.09.11"]
[EventType "swiss"]
[EventRounds "5"]
[EventCountry "CAN"]
[SourceTitle "EXT 2016"]
[Source "ChessBase"]
[SourceDate "2015.10.08"]
[SourceVersion "1"]
[SourceVersionDate "2015.10.08"]
[SourceQuality "1"]

1. Nf3 Nf6 2. c4 e6 3. b3 d5 4. Bb2 Be7 5. g3 0-0 6. Bg2 Nbd7 7. 0-0 c6 8. d3 Re8 9. Nbd2 a5 10. a3 b5 11. cxb5 cxb5 12. Rc1 Bb7 13. Rc2 Bd6 14. Nd4 Qb6 15. Qa1 Rac8 16. Rfc1 Rxc2 17. Rxc2 e5 18. Nf5 Bb8 19. h3 Ba7 20. e3 Bb8 21. Qc1 Qe6 22. g4 h5 23. Qd1 Kh7 24. e4 g6 25. Nf3 Qb6 26. Ng5+ Kg8 27. Nh6+ Kg7 28. Nhxf7 hxg4 29. hxg4 Re7 30. exd5 Rxf7 31. Nxf7 Kxf7 32. g5 Nh5 33. Qg4 Nf8 34. d4 e4 35. Bxe4 Qd6 36. f3 Bxd5 37. Bxd5+ Qxd5 38. Qe4 Qd6 39. d5 Qg3+ 40. Rg2 Qd6 41. b4 axb4 42. axb4 Nf4 43. Rd2 Nh3+ 44. Kf1 Nxg5 45. Qd4 Nd7 46. Qg7+ Ke8 47. Re2+ Kd8 48. Qh8+ Kc7 49. Rc2+ Kb7 50. Qc8+ Ka8 51. Rc6 1-0

[Event "CAN-ch"]
[Site "Montreal"]
[Date "2012.08.09"]
[Round "7"]
[White "Kraiouchkine, Nikita"]
[Black "Milicevic, Goran"]
[Result "0-1"]
[WhiteElo "2204"]
[BlackElo "2287"]
[PlyCount "118"]
[EventDate "2012.08.04"]
[EventType "swiss"]
[EventRounds "9"]
[EventCountry "CAN"]
[SourceTitle "CBM 149 Extra"]
[Source "ChessBase"]
[SourceDate "2012.08.24"]
[SourceVersion "1"]
[SourceVersionDate "2012.08.24"]
[SourceQuality "1"]

1. e4 c5 2. Nf3 Nc6 3. d4 cxd4 4. Nxd4 g6 5. Nc3 Bg7 6. Be3 Nf6 7. Bc4 Qa5 8. 0-0 d6 9. Nb3 Qc7 10. Bg5 Be6 11. Bxe6 fxe6 12. Qd2 0-0 13. Bh6 Bxh6 14. Qxh6 Qb6 15. Qh3 e5 16. Qd3 Rf7 17. Rad1 Raf8 18. h3 Nb4 19. Qd2 a6 20. a3 Nc6 21. Kh2 Nh5 22. Nd5 Qa7 23. f3 Nd8 24. Qf2 Qb8 25. Qb6 Ne6 26. c4 Qc8 27. Rc1 Ng5 28. c5 Qe6 29. Nc7 Qd7 30. c6 bxc6 31. Qxc6 Qc8 32. Qxa6 Qb8 33. Qc4 Kh8 34. Rc3 Qc8 35. Nd2 Nf4 36. Nd5 Qd7 37. Nb6 Qa7 38. Qb5 Nfe6 39. a4 Nd4 40. Qb4 Ne2 41. Rc4 Ne6 42. a5 g5 43. Re1 N2f4 44. Qc3 h5 45. b4 g4 46. Rc8 Rg7 47. Rxf8+ Nxf8 48. fxg4 hxg4 49. Qc8 Rg8 50. Ra1 e6 51. Qd8 Qg7 52. Qh4+ Nh7 53. Ra3 Nxg2 54. Qg3 Qh6 55. Qxg2 gxh3 56. Qxg8+ Kxg8 57. Nf3 Qc1 58. Ra2 Qf4+ 59. Kg1 Qg3+ 0-1

[Event "CAN-ch"]
[Site "Montreal"]
[Date "2012.08.08"]
[Round "6"]
[White "Milicevic, Goran"]
[Black "Gerzhoy, Leonid"]
[Result "1/2-1/2"]
[WhiteElo "2287"]
[BlackElo "2448"]
[PlyCount "82"]
[EventDate "2012.08.04"]
[EventType "swiss"]
[EventRounds "9"]
[EventCountry "CAN"]
[SourceTitle "CBM 149 Extra"]
[Source "ChessBase"]
[SourceDate "2012.08.24"]
[SourceVersion "1"]
[SourceVersionDate "2012.08.24"]
[SourceQuality "1"]

1. e4 e6 2. d4 d5 3. e5 c5 4. c3 Nc6 5. Nf3 Qb6 6. Bd3 cxd4 7. cxd4 Bd7 8. 0-0 Nxd4 9. Nxd4 Qxd4 10. Nc3 a6 11. Qe2 Ne7 12. Kh1 Ng6 13. f4 Bc5 14. Bd2 0-0 15. a3 Bb5 16. Nxb5 axb5 17. f5 exf5 18. Rac1 b4 19. e6 fxe6 20. axb4 Bxb4 21. Qxe6+ Kh8 22. Bxb4 Qxb4 23. Bxf5 Ra6 24. Qxd5 Raf6 25. Bd3 Qxb2 26. Rb1 Rxf1+ 27. Rxf1 Rxf1+ 28. Bxf1 Qf2 29. Qd1 h6 30. Bc4 Qf6 31. h3 Ne5 32. Bd5 Qd6 33. Qb3 b6 34. Be4 Qd4 35. Bb1 Qc5 36. Ba2 Qc1+ 37. Kh2 Qf4+ 38. Kh1 Qf1+ 39. Kh2 Qf4+ 40. Kh1 Qf1+ 41. Kh2 Qf4+ 1/2-1/2

[Event "CAN-ch"]
[Site "Montreal"]
[Date "2012.08.05"]
[Round "3"]
[White "Larochelle, Martial"]
[Black "Milicevic, Goran"]
[Result "1-0"]
[WhiteElo "2153"]
[BlackElo "2287"]
[PlyCount "55"]
[EventDate "2012.08.04"]
[EventType "swiss"]
[EventRounds "9"]
[EventCountry "CAN"]
[SourceTitle "CBM 149 Extra"]
[Source "ChessBase"]
[SourceDate "2012.08.24"]
[SourceVersion "1"]
[SourceVersionDate "2012.08.24"]
[SourceQuality "1"]

1. c4 Nf6 2. Nf3 e6 3. g3 d5 4. Bg2 Nc6 5. b3 Be7 6. 0-0 0-0 7. Bb2 a5 8. Nc3 d4 9. Nb5 e5 10. e3 Bc5 11. exd4 exd4 12. Re1 a4 13. bxa4 Bf5 14. d3 Re8 15. Rxe8+ Nxe8 16. Ba3 Bxa3 17. Nxa3 Nb4 18. Nc2 Nxc2 19. Qxc2 c5 20. Nh4 Bc8 21. Re1 Nd6 22. Re5 Qc7 23. Qe2 g6 24. Bd5 Kf8 25. Qf3 Rxa4 26. Qf6 Kg8 27. Nxg6 hxg6 28. Qxg6+ 1-0

[Event "CAN-ch"]
[Site "Montreal"]
[Date "2012.08.05"]
[Round "2"]
[White "Milicevic, Goran"]
[Black "Sambuev, Bator"]
[Result "0-1"]
[WhiteElo "2287"]
[BlackElo "2523"]
[PlyCount "114"]
[EventDate "2012.08.04"]
[EventType "swiss"]
[EventRounds "9"]
[EventCountry "CAN"]
[SourceTitle "CBM 149 Extra"]
[Source "ChessBase"]
[SourceDate "2012.08.24"]
[SourceVersion "1"]
[SourceVersionDate "2012.08.24"]
[SourceQuality "1"]

1. e4 e6 2. d4 d5 3. Nd2 c5 4. exd5 exd5 5. Ngf3 Nf6 6. Bb5+ Bd7 7. Bxd7+ Nbxd7 8. 0-0 Be7 9. Re1 0-0 10. Nf1 Re8 11. dxc5 Nxc5 12. Be3 Nfe4 13. Bd4 Ne6 14. c3 Nxd4 15. Nxd4 Bc5 16. Ne3 Qb6 17. Nxd5 Qxb2 18. Re2 Nxc3 19. Rxb2 Nxd1 20. Rxd1 Bxd4 21. Rxb7 Rad8 22. Ne3 g6 23. Kf1 h5 24. Ke2 Kg7 25. Rb4 Be5 26. Rxd8 Rxd8 27. g3 Bc3 28. Rc4 Rd2+ 29. Kf3 Bd4 30. a4 Bb6 31. h3 Ra2 32. g4 h4 33. Re4 f6 34. Nd1 Kf7 35. Ne3 Rd2 36. Rc4 g5 37. Rb4 Ke6 38. Rb5 Ra2 39. Rb4 Kd7 40. Nd1 Rd2 41. Ne3 Kc6 42. Re4 Bd4 43. Re6+ Kd7 44. Re4 a5 45. Kg2 Kc6 46. Re6+ Kc5 47. Kf3 Ra2 48. Re8 Rxa4 49. Rc8+ Kb5 50. Nd5 Be5 51. Ke2 Re4+ 52. Ne3 Rd4 53. Nc2 Rd7 54. Ra8 a4 55. Ke3 Rc7 56. Kd3 Rc3+ 57. Kd2 Rxh3 0-1

[Event "Canadian op 48th"]
[Site "Toronto"]
[Date "2011.07.15"]
[Round "7"]
[White "Milicevic, Goran"]
[Black "Mikhalevski, Victor"]
[Result "0-1"]
[WhiteElo "2288"]
[BlackElo "2569"]
[PlyCount "54"]
[EventDate "2011.07.09"]
[EventType "swiss"]
[EventRounds "9"]
[EventCountry "CAN"]
[SourceTitle "CBM 143 Extra"]
[Source "ChessBase"]
[SourceDate "2011.08.29"]
[SourceVersion "1"]
[SourceVersionDate "2011.08.29"]
[SourceQuality "1"]

1. e4 c5 2. Nf3 d6 3. c3 Nf6 4. Bc4 e6 5. Qe2 Be7 6. Bb3 0-0 7. d4 cxd4 8. cxd4 b6 9. e5 Nd5 10. Qe4 Ba6 11. Nc3 Nxc3 12. bxc3 Qc7 13. Bd2 Nd7 14. exd6 Bxd6 15. Ng5 Nf6 16. Qh4 e5 17. d5 e4 18. Kd1 Bd3 19. f3 Rae8 20. Re1 exf3 21. Nxf3 Ne4 22. Re3 Nxc3+ 23. Bxc3 Qxc3 24. Rc1 Qb2 25. Qe1 Bf4 26. Qc3 Qxc3 27. Rxc3 Rxe3 0-1

[Event "Canadian op 48th"]
[Site "Toronto"]
[Date "2011.07.11"]
[Round "3"]
[White "Milicevic, Goran"]
[Black "Arencibia Rodriguez, Walter"]
[Result "1/2-1/2"]
[WhiteElo "2288"]
[BlackElo "2476"]
[PlyCount "49"]
[EventDate "2011.07.09"]
[EventType "swiss"]
[EventRounds "9"]
[EventCountry "CAN"]
[SourceTitle "CBM 143 Extra"]
[Source "ChessBase"]
[SourceDate "2011.08.29"]
[SourceVersion "1"]
[SourceVersionDate "2011.08.29"]
[SourceQuality "1"]

1. d4 d5 2. Bf4 Nf6 3. e3 Bg4 4. f3 Bd7 5. c4 Nc6 6. Nc3 e6 7. Bd3 Nb4 8. Nge2 c5 9. a3 Nxd3+ 10. Qxd3 Qa5 11. 0-0 cxd4 12. b4 dxc4 13. Qxc4 Qb6 14. Qxd4 Qxd4 15. Nxd4 Be7 16. Ndb5 0-0 17. Bd6 Bxb5 18. Nxb5 Bxd6 19. Nxd6 b6 20. e4 Rfd8 21. Rfd1 Kf8 22. Rac1 Rd7 23. Nb5 Rxd1+ 24. Rxd1 Ke7 25. Rc1 1/2-1/2

[Event "Toronto PWC op"]
[Site "Toronto"]
[Date "2009.04.19"]
[Round "4"]
[White "Shabalov, Alexander"]
[Black "Milicevic, Goran"]
[Result "0-1"]
[WhiteElo "2569"]
[BlackElo "2280"]
[PlyCount "60"]
[EventDate "2009.04.17"]
[EventType "swiss"]
[EventRounds "5"]
[EventCountry "CAN"]
[SourceTitle "CBM 129 Extra"]
[Source "ChessBase"]
[SourceDate "2009.05.05"]
[SourceVersion "2"]
[SourceVersionDate "2009.05.20"]
[SourceQuality "1"]

1. e4 e6 2. d4 d5 3. e5 c5 4. c3 Nc6 5. Nf3 Qb6 6. a3 c4 7. Nbd2 Na5 8. h4 Bd7 9. h5 f5 10. exf6 gxf6 11. g3 Nh6 12. Bh3 0-0-0 13. 0-0 Rg8 14. Re1 e5 15. Bxd7+ Rxd7 16. Nh4 e4 17. Rb1 f5 18. b4 Qf6 19. Ng2 Nc6 20. Nf1 Bd6 21. Bf4 Ng4 22. Qa4 Bxf4 23. Nxf4 b6 24. Qa6+ Kb8 25. a4 Qd6 26. a5 Nxf2 27. Kxf2 Rxg3 28. Nxd5 Rf3+ 29. Ke2 Qxd5 30. Ne3 Nxd4+ 0-1

[Event "Guelph Spring Pro Am"]
[Site "Guelph"]
[Date "2008.04.19"]
[Round "1"]
[White "Gusev, Nikita"]
[Black "Milicevic, Goran"]
[Result "1/2-1/2"]
[WhiteElo "2119"]
[BlackElo "2362"]
[PlyCount "68"]
[EventDate "2008.04.19"]
[EventType "swiss"]
[EventRounds "5"]
[EventCountry "CAN"]
[SourceTitle "EXT 2011"]
[Source "ChessBase"]
[SourceDate "2010.11.26"]
[SourceVersion "1"]
[SourceVersionDate "2010.11.26"]
[SourceQuality "1"]

1. e4 c5 2. Nf3 e6 3. d4 cxd4 4. Nxd4 Nf6 5. Nc3 Qb6 6. Nb3 Bb4 7. Bd3 d6 8. 0-0 Bxc3 9. bxc3 0-0 10. Bg5 Nbd7 11. Qe2 Qc7 12. f4 e5 13. f5 b6 14. c4 Kh8 15. g4 Bb7 16. Bh4 Nc5 17. Nd2 Ng8 18. g5 f6 19. g6 h6 20. Nb3 Rfd8 21. Nxc5 dxc5 22. Bf2 Ne7 23. Qh5 Kg8 24. Be3 Kf8 25. Bxh6 Ng8 26. Be3 Rd6 27. Rf3 Rad8 28. Bf2 Qc6 29. Re1 Ba6 30. Rh3 Qa4 31. Qe2 Qxa2 32. Qf1 Bb7 33. Rh8 Rxd3 34. cxd3 Qd2 1/2-1/2

[Event "Guelph Spring Pro Am"]
[Site "Guelph"]
[Date "2008.04.19"]
[Round "3"]
[White "Milicevic, Goran"]
[Black "Martchenko, Alexander"]
[Result "1/2-1/2"]
[WhiteElo "2362"]
[BlackElo "2178"]
[PlyCount "110"]
[EventDate "2008.04.19"]
[EventType "swiss"]
[EventRounds "5"]
[EventCountry "CAN"]
[SourceTitle "EXT 2011"]
[Source "ChessBase"]
[SourceDate "2010.11.26"]
[SourceVersion "1"]
[SourceVersionDate "2010.11.26"]
[SourceQuality "1"]

1. d4 d5 2. Bf4 Nf6 3. e3 c6 4. Nf3 Bf5 5. c4 e6 6. Qb3 Qb6 7. c5 Qxb3 8. axb3 Nbd7 9. h3 Be7 10. Nbd2 a6 11. b4 Rc8 12. Nb3 Bd8 13. Na5 Bxa5 14. bxa5 Kd8 15. Ra3 Ra8 16. Rb3 Kc8 17. Be2 Ne8 18. 0-0 Nc7 19. g4 Bg6 20. Nh4 Nb5 21. Nxg6 hxg6 22. Kg2 f6 23. Bg3 Kd8 24. f3 Ke7 25. Rd1 Kf7 26. e4 Rhe8 27. Kf2 Nf8 28. Ke3 Nd7 29. Rb4 Nf8 30. h4 Nd7 31. Rd2 Nf8 32. e5 Nd7 33. Bd3 Rh8 34. Rh2 f5 35. h5 gxh5 36. gxf5 Nf8 37. Bh4 exf5 38. Bxf5 g6 39. Bc2 Ne6 40. f4 Rag8 41. f5 gxf5 42. Bxf5 Rg4 43. Bxg4 hxg4 44. Rf2+ Ke8 45. Rh2 Kf7 46. Rh1 Ke8 47. Ra4 Nexd4 48. Kf4 Rg8 49. Bf2 Rf8+ 50. Kg3 Ne2+ 51. Kg2 Nf4+ 52. Kh2 Ne2 53. Kg2 Nf4+ 54. Kg3 Ne2+ 55. Kg2 Nf4+ 1/2-1/2

[Event "CAN-ch"]
[Site "Kitchener"]
[Date "2007.08.03"]
[Round "5"]
[White "Milicevic, Goran"]
[Black "Barron, Michael"]
[Result "0-1"]
[WhiteElo "2302"]
[BlackElo "2228"]
[PlyCount "74"]
[EventDate "2007.08.01"]
[EventType "swiss"]
[EventRounds "9"]
[EventCountry "CAN"]
[SourceTitle "EXT 2022"]
[Source "ChessBase"]
[SourceDate "2021.10.06"]
[SourceVersion "1"]
[SourceVersionDate "2021.10.06"]
[SourceQuality "1"]

1. d4 f5 2. Nf3 Nf6 3. Bf4 g6 4. e3 Bg7 5. h3 d6 6. c4 0-0 7. Nc3 c6 8. Be2 Qe8 9. 0-0 Nbd7 10. d5 a5 11. Nd4 Nc5 12. Bf3 Bd7 13. Qc2 cxd5 14. cxd5 b5 15. Rfc1 b4 16. Nce2 Rc8 17. Qd1 Qf7 18. Nc6 Bxc6 19. dxc6 Nfe4 20. Nd4 e5 21. Nb5 exf4 22. Nxd6 Nxd6 23. Qxd6 Ne4 24. Bxe4 fxe4 25. Rc2 fxe3 26. fxe3 Rfd8 27. Qc5 Qd5 28. Qb6 Be5 29. Rf1 Bc7 30. Qa6 Qd3 31. Qc4+ Qxc4 32. Rxc4 Bb6 33. Rxe4 Rxc6 34. Re7 Rc7 35. Re6 Bc5 36. Rf3 Rd2 37. Kh2 Bd6+ 0-1

[Event "CAN-ch"]
[Site "Kitchener"]
[Date "2007.08.03"]
[Round "6"]
[White "Szalay, Karoly"]
[Black "Milicevic, Goran"]
[Result "1-0"]
[WhiteElo "2113"]
[BlackElo "2302"]
[PlyCount "93"]
[EventDate "2007.08.01"]
[EventType "swiss"]
[EventRounds "9"]
[EventCountry "CAN"]
[SourceTitle "EXT 2022"]
[Source "ChessBase"]
[SourceDate "2021.10.06"]
[SourceVersion "1"]
[SourceVersionDate "2021.10.06"]
[SourceQuality "1"]

1. e4 e6 2. d4 d5 3. Nd2 Be7 4. e5 c5 5. c3 Nc6 6. Ndf3 Qb6 7. Bd3 cxd4 8. cxd4 Bb4+ 9. Kf1 Bd7 10. Ne2 Rc8 11. g3 Nh6 12. a3 Bf8 13. Kg2 Nf5 14. Rb1 Be7 15. h4 a5 16. Bd2 Na7 17. g4 Nh6 18. Kh3 Ng8 19. Ng3 f6 20. Nh5 g6 21. Nf4 Nc6 22. Bc3 fxe5 23. Nxe5 Nxe5 24. dxe5 Qxf2 25. Ng2 Qb6 26. Qd2 Ra8 27. Rhf1 Bc6 28. Nf4 Kd7 29. Qc2 Qe3+ 30. Kh2 Bxh4 31. Ne2 Qh6 32. Kg2 Qg5 33. Rf4 Ne7 34. Bd4 Nf5 35. Qc5 Rae8 36. Bxf5 gxf5 37. Rc1 Qe7 38. Qxa5 Ra8 39. Qb6 Ra6 40. Qb3 Bg5 41. gxf5 Rg8 42. Rg4 exf5 43. Rg3 h5 44. Rxc6 bxc6 45. Qb7+ Ke8 46. Qc8+ Qd8 47. Qe6+ 1-0

[Event "Canada zt"]
[Site "Toronto"]
[Date "2006.08.22"]
[Round "5"]
[White "Charbonneau, Pascal"]
[Black "Milicevic, Goran"]
[Result "0-1"]
[WhiteElo "2501"]
[BlackElo "2305"]
[PlyCount "104"]
[EventDate "2006.08.18"]
[EventType "swiss"]
[EventRounds "9"]
[EventCountry "CAN"]
[SourceTitle "CBM 113 Extra"]
[Source "ChessBase"]
[SourceDate "2006.09.14"]
[SourceVersion "1"]
[SourceVersionDate "2006.09.14"]
[SourceQuality "1"]

1. e4 e6 2. d4 d5 3. Nc3 Nf6 4. e5 Nfd7 5. f4 c5 6. Nf3 Qb6 7. Be3 a6 8. a3 Nc6 9. Na4 Qa5+ 10. c3 c4 11. b4 cxb3 12. Qxb3 Qc7 13. Nb2 Na5 14. Qc2 Nb6 15. Bd3 Bd7 16. 0-0 Rc8 17. f5 Qxc3 18. Qf2 Nac4 19. fxe6 Bxe6 20. Nxc4 Nxc4 21. Bxc4 Rxc4 22. Rac1 Qxa3 23. Rb1 Qe7 24. Ng5 b5 25. Qg3 h6 26. Nf3 Qd7 27. Nd2 Rc3 28. Nb3 Bf5 29. Rb2 g5 30. Qf2 Bd3 31. Re1 Ba3 32. Nc5 Rxc5 33. dxc5 Bxb2 34. Qxb2 0-0 35. Qd4 Be4 36. h3 Rc8 37. Rf1 Rc6 38. Qd2 Qe7 39. Bd4 Rg6 40. Rf6 Rxf6 41. exf6 Qc7 42. Qc3 a5 43. Be5 b4 44. Qd4 Qd7 45. Bg3 Qe6 46. Bc7 g4 47. h4 g3 48. Bxg3 b3 49. Qc3 a4 50. c6 d4 51. Qc1 Bxc6 52. Qxh6 Qg4 0-1

[Event "Canada zt"]
[Site "Toronto"]
[Date "2006.08.20"]
[Round "3"]
[White "Roussel Roozmon, Thomas"]
[Black "Milicevic, Goran"]
[Result "1-0"]
[WhiteElo "2430"]
[BlackElo "2305"]
[PlyCount "99"]
[EventDate "2006.08.18"]
[EventType "swiss"]
[EventRounds "9"]
[EventCountry "CAN"]
[SourceTitle "CBM 113 Extra"]
[Source "ChessBase"]
[SourceDate "2006.09.14"]
[SourceVersion "1"]
[SourceVersionDate "2006.09.14"]
[SourceQuality "1"]

1. Nf3 d5 2. d4 Nf6 3. c4 dxc4 4. e3 Be6 5. Nc3 c6 6. Ng5 Bf5 7. Bxc4 e6 8. e4 Bg6 9. f3 Be7 10. Nh3 0-0 11. Be3 Nbd7 12. Bb3 Qa5 13. 0-0 Rad8 14. Qe2 e5 15. dxe5 Nxe5 16. Nf4 Nfd7 17. a3 Bc5 18. Ba2 Qb6 19. Bf2 Bxf2+ 20. Qxf2 Kh8 21. Rad1 Nc5 22. b4 Ncd3 23. Nxd3 Nxd3 24. Qxb6 axb6 25. Rd2 Nf4 26. Rfd1 Ra8 27. a4 h5 28. g3 Ne6 29. f4 Nd8 30. Kf2 Re8 31. Rd7 Kg8 32. Kf3 Kf8 33. f5 Bh7 34. Kf4 f6 35. h3 Rc8 36. g4 hxg4 37. hxg4 Bg8 38. Bxg8 Kxg8 39. g5 fxg5+ 40. Kxg5 Nf7+ 41. Kf4 c5 42. b5 Rcd8 43. Rxd8 Rxd8 44. Rxd8+ Nxd8 45. Nd5 Kf7 46. Nxb6 Ke7 47. e5 Nf7 48. a5 Nd8 49. Ke4 Kf7 50. Kd5 1-0

[Event "Canadian op"]
[Site "Kitchener"]
[Date "2006.07.18"]
[Round "4"]
[White "Milicevic, Goran"]
[Black "Gulati, Justin"]
[Result "1-0"]
[WhiteElo "2305"]
[BlackElo "2132"]
[PlyCount "47"]
[EventDate "2006.07.15"]
[EventType "swiss"]
[EventRounds "9"]
[EventCountry "CAN"]
[SourceTitle "CBM 113 Extra"]
[Source "ChessBase"]
[SourceDate "2006.09.14"]
[SourceVersion "1"]
[SourceVersionDate "2006.09.14"]
[SourceQuality "1"]

1. e4 g6 2. d4 Bg7 3. Nc3 d6 4. f4 a6 5. Be2 b5 6. a3 Bb7 7. Bf3 Nd7 8. Nge2 c5 9. dxc5 Nxc5 10. Be3 Rc8 11. 0-0 Nf6 12. e5 Nfe4 13. b4 Nxc3 14. Nxc3 Bxf3 15. Qxf3 Nd7 16. Bd4 0-0 17. Qe3 dxe5 18. fxe5 e6 19. Rad1 Qc7 20. Ne4 Bxe5 21. Bxe5 Nxe5 22. Nf6+ Kg7 23. Rd4 Nc4 24. Qh6+ 1-0

[Event "Canadian op"]
[Site "Kitchener"]
[Date "2006.07.16"]
[Round "2"]
[White "Milicevic, Goran"]
[Black "Hurley, Paul"]
[Result "1-0"]
[WhiteElo "2305"]
[BlackElo "2098"]
[PlyCount "51"]
[EventDate "2006.07.15"]
[EventType "swiss"]
[EventRounds "9"]
[EventCountry "CAN"]
[SourceTitle "CBM 113 Extra"]
[Source "ChessBase"]
[SourceDate "2006.09.14"]
[SourceVersion "1"]
[SourceVersionDate "2006.09.14"]
[SourceQuality "1"]

1. e4 c5 2. Nf3 e6 3. c3 Nc6 4. d4 cxd4 5. cxd4 d5 6. e5 Bd7 7. Be2 f6 8. 0-0 Qc7 9. Nc3 a6 10. Bf4 Nge7 11. Bg3 f5 12. h4 g6 13. Qd2 h6 14. Rac1 Qa5 15. a3 b5 16. Bf4 b4 17. axb4 Qxb4 18. Ra1 Rb8 19. Bxa6 Na5 20. Nb5 Nec6 21. Qd3 Nb3 22. Rad1 Nca5 23. Nd6+ Bxd6 24. exd6 Nc4 25. Qe2 Nxd6 26. Qe5 1-0

[Event "Toronto-chT 0405"]
[Site "Toronto"]
[Date "2005.05.18"]
[Round "4"]
[White "Milicevic, Goran"]
[Black "Plotkin, Victor"]
[Result "1-0"]
[WhiteElo "2370"]
[BlackElo "2200"]
[PlyCount "119"]
[EventDate "2004.10.27"]
[EventType "team"]
[EventRounds "4"]
[EventCountry "CAN"]
[SourceTitle "EXT 2006"]
[Source "ChessBase"]
[SourceDate "2005.11.24"]
[SourceVersion "1"]
[SourceVersionDate "2005.11.24"]
[SourceQuality "1"]

1. e4 e5 2. Nf3 d6 3. d4 exd4 4. Qxd4 Nc6 5. Bb5 Bd7 6. Bxc6 Bxc6 7. Nc3 Nf6 8. Bg5 Be7 9. 0-0-0 h6 10. Bh4 Qd7 11. Rhe1 Qg4 12. Bxf6 Qf4+ 13. Kb1 Qxf6 14. e5 dxe5 15. Nxe5 0-0 16. Nxc6 bxc6 17. Qxf6 Bxf6 18. Ne4 Be5 19. Nc5 Rfe8 20. c3 Bd6 21. Nb3 Kf8 22. Kc2 g6 23. g3 h5 24. Kd3 Rab8 25. Kc4 h4 26. f4 f5 27. Kd3 Kf7 28. Rxe8 Kxe8 29. Rd2 Kd7 30. Ke3 hxg3 31. hxg3 Rh8 32. c4 Kc8 33. c5 Be7 34. Rc2 Bf6 35. Na5 Rd8 36. Kf3 Re8 37. b4 g5 38. fxg5 Bxg5 39. Rh2 Re3+ 40. Kf2 Ra3 41. Rh8+ Kd7 42. Rh7+ Be7 43. Nc4 Rxa2+ 44. Kf3 Ke6 45. Ne3 Rb2 46. Nxf5 Rb3+ 47. Ke4 Rxb4+ 48. Nd4+ Kd7 49. Ke5 Rb1 50. Nf5 Re1+ 51. Kd4 Ke6 52. g4 Rd1+ 53. Ke4 Bxc5 54. g5 Rg1 55. Ng7+ Ke7 56. Nh5+ Kd8 57. Kf5 Be3 58. Nf4 c5 59. g6 a5 60. Ne6+ 1-0

[Event "CAN-ch"]
[Site "Toronto"]
[Date "2004.08.29"]
[Round "9"]
[White "Charbonneau, Pascal"]
[Black "Milicevic, Goran"]
[Result "1-0"]
[WhiteElo "2472"]
[BlackElo "2271"]
[PlyCount "91"]
[EventDate "2004.08.20"]
[EventType "swiss"]
[EventRounds "9"]
[EventCountry "CAN"]
[SourceTitle "CBM 101 Extra"]
[Source "ChessBase"]
[SourceDate "2004.09.01"]
[SourceVersion "2"]
[SourceVersionDate "2004.09.01"]
[SourceQuality "1"]

1. e4 e6 2. d4 d5 3. Nc3 Bb4 4. e5 c5 5. a3 Bxc3+ 6. bxc3 Qa5 7. Bd2 Qa4 8. Qg4 g6 9. Ra2 b6 10. Nf3 Ba6 11. Bd3 Bxd3 12. cxd3 Qb5 13. 0-0 Qxd3 14. dxc5 Nd7 15. c6 Nc5 16. Nd4 Ne7 17. Bg5 h5 18. Qf4 Nf5 19. Bf6 Rg8 20. a4 Nxd4 21. cxd4 Ne4 22. a5 b5 23. c7 Rc8 24. Bd8 g5 25. Qe3 Qxe3 26. fxe3 Nc3 27. Rc2 b4 28. a6 Rf8 29. Rb2 Nb5 30. Rc1 Kd7 31. Rxb4 Nxc7 32. Bxg5 Rb8 33. Be7 Rxb4 34. Bxb4 Ra8 35. Bd6 Nxa6 36. Kf2 f5 37. Kf3 Rc8 38. Rxc8 Kxc8 39. Kf4 Nc7 40. Bb4 Kd7 41. Kg5 Ke8 42. Kxh5 Kf7 43. Kg5 Na8 44. Ba5 Nb6 45. Bxb6 axb6 46. Kf4 1-0

[Event "CAN-ch"]
[Site "Toronto"]
[Date "2004.08.22"]
[Round "3"]
[White "Milicevic, Goran"]
[Black "Tyomkin, Dimitri"]
[Result "1/2-1/2"]
[WhiteElo "2271"]
[BlackElo "2498"]
[PlyCount "62"]
[EventDate "2004.08.20"]
[EventType "swiss"]
[EventRounds "9"]
[EventCountry "CAN"]
[SourceTitle "CBM 101 Extra"]
[Source "ChessBase"]
[SourceDate "2004.09.01"]
[SourceVersion "2"]
[SourceVersionDate "2004.09.01"]
[SourceQuality "1"]

1. d4 Nf6 2. c4 g6 3. Nc3 d5 4. cxd5 Nxd5 5. Bd2 Nb6 6. Nf3 Bg7 7. Bf4 0-0 8. e3 c5 9. dxc5 N6d7 10. Be2 Qa5 11. 0-0 Bxc3 12. bxc3 Nxc5 13. Qd5 Be6 14. Qg5 f6 15. Qh6 Nbd7 16. h4 Rf7 17. Rfd1 Nf8 18. Nd4 Rc8 19. c4 Na4 20. Nxe6 Nxe6 21. Bf3 Nc3 22. Bd5 Nxd5 23. cxd5 Ng7 24. e4 Qa4 25. f3 Rc2 26. Rdc1 Rf8 27. Rxc2 Qxc2 28. Rc1 Qe2 29. d6 e5 30. Rc7 Rf7 31. Rc8+ Rf8 1/2-1/2

[Event "Quebec op"]
[Site "Montreal"]
[Date "2004.07.23"]
[Round "7"]
[White "McDonough, Jonathan"]
[Black "Milicevic, Goran"]
[Result "0-1"]
[WhiteElo "2184"]
[BlackElo "2271"]
[PlyCount "116"]
[EventDate "2004.07.17"]
[EventType "swiss"]
[EventRounds "9"]
[EventCountry "CAN"]
[SourceTitle "CBM 101 Extra"]
[Source "ChessBase"]
[SourceDate "2004.09.01"]
[SourceVersion "2"]
[SourceVersionDate "2004.09.01"]
[SourceQuality "1"]

1. d4 e6 2. c4 Nf6 3. Nc3 Bb4 4. e3 c5 5. Nge2 0-0 6. a3 Bxc3+ 7. Nxc3 b6 8. Be2 Bb7 9. 0-0 d6 10. b3 a6 11. Ra2 Qc7 12. Rd2 Nc6 13. d5 exd5 14. Nxd5 Nxd5 15. Rxd5 Rad8 16. Rd2 Rfe8 17. Bf3 Re6 18. Bb2 Ne7 19. Bxb7 Qxb7 20. Qe2 Qe4 21. Qf3 Qxf3 22. gxf3 Rg6+ 23. Kh1 Re6 24. f4 f6 25. Kg2 Rb8 26. b4 b5 27. cxb5 axb5 28. Rfd1 Rb6 29. bxc5 dxc5 30. Rd7 Nc6 31. Rc7 Re7 32. Rc8+ Kf7 33. Rd6 Na7 34. Rxb6 Nxc8 35. Rxb5 Rc7 36. Rb3 Ke6 37. Kf3 Nd6 38. a4 Ra7 39. Ba3 Ra5 40. Rc3 Kd5 41. Rd3+ Kc6 42. Rc3 f5 43. Rc1 Ne4 44. Bb2 Rxa4 45. Ra1 Rc4 46. Rc1 Kb5 47. Ke2 Rxc1 48. Bxc1 Kb4 49. Bb2 g6 50. f3 Nd6 51. Bf6 Kc4 52. Be5 Nb5 53. e4 Kb3 54. Bf6 c4 55. Kd1 c3 56. Kc1 c2 57. Bb2 Nc7 58. e5 Ne6 0-1